Statistiques concernant Mayas Aztèques ou Incas

Cliquez ici pour prendre le quiz!

Statistiques générales

  • Ce quiz a été pris 62 fois
  • Le résultat moyen est 5 sur 20

Statistiques - réponses

QuestionRéponse% Correct
Je suis une civilisations qui a perduré pendant plus de deux millénairesMayas
53%
J'utilise des quipus (cordes à plusieurs branches avec des nœuds à des endroits précis) pour tenir la comptabilité dans l'administration et le commerceIncas
51%
Mon territoire est grand comme trois fois la FranceIncas
47%
Je maîtrise le "zéro" mathématiqueMayas
47%
Je pratique les sacrifices humains rituelsLes trois
44%
Je construis des pyramidesMayas et Aztèques
42%
J'utilise la métallurgie du ferAucun des trois
31%
Je pratique la momificationIncas
31%
Je suis une multitude de cité-EtatMayas
31%
Je pratique le "jeu de balle"Mayas
29%
Ma civilisation repose sur la culture du maïsMayas et Aztèques
29%
Je vénère les jaguars et les quetzalsMayas et Aztèques
22%
Je consomme du cacao sous forme de boissonMayas et Aztèques
20%
J'ai été conquis par les Espagnols, qui, par la suite, ont détruit mes temples et mes palais pour construire des églises sur leur ruinesAztèques et Incas
18%
Le chien est celui qui accompagne les morts dans l'au-delàAztèques
16%
L'or est sacré dans ma cultureAztèques et Incas
16%
Je dispose de l'écritureMayas et Aztèques
9%
J'ai construit l'une des sept merveilles du mondeMayas et Incas
7%
Mon empire est né entre 1428 et 1430Aztèques et Incas
2%
Je pratique des modifications corporelles comme la déformation crânienneMayas et Incas
2%

Distribution des résultats

Percentile par nombre de réponses

% des personnes avec chaque résultat

Votre développement - résultats

Vous n’avez pas pris ce quiz